Générique Atout 5 - Paroles - Statistiques

Statistiques générales
  • Ce quiz a été pris 7 fois
  • Le résultat moyen est 13 sur 16
Statistiques - réponses
Paroles % Correct
Atout 5 jusqu'au {bout}
100%
Atout 5 jusqu'u {bout}
100%
Atout 5 mes {amis}
100%
Le travail, l'{amitié}
100%
Trois filles et deux {garçons}
100%
Gardons bien le {tempo}
83%
Gardons bien le {tempo}
83%
Atout 5 {réunis}
67%
Cloé, {Sam} et Miou
67%
Cloé, {Sam} et Miou
67%
Ensemble nous {avançons}
67%
Le spectacle nous {attire}
67%
Nous voulons vous {prévenir}
67%
Shanoor et {Mattéo}
67%
Shanoor et {Mattéo}
67%
Sont là pour nous {guider}
67%
Aucun quiz correspondant
Distribution des résultats
% des personnes avec chaque résultat
Percentile par nombre de réponses
Votre historique - résultats
Vous n’avez pas pris ce quiz